000 00634nam a2200229Ia 4500
003 OSt
005 20220928104212.0
006 a|||||r|||| 00| 0
007 ta
008 220927b |||||||| |||| 00| 0 eng d
024 _a57526
037 _cTextual
040 _aSDCL
_cSDCL
_beng
041 _2eng
_aeng
082 _aY33:1.1'N7, L6
100 _aMorgan Elaine
_9409588
245 0 _aFalling apart
_b The rise and decline of urban civilisation
260 _aLondon
_bSouvenir Press
_c1976
300 _a272p
_ccm.
942 _hY33:1.1'N7, L6
_cTEXL
_2CC
999 _c725161
_d725161